All About New Jersey #1 - Statistics

General Stats
  • This quiz has been taken 11 times
  • The average score is 6 of 9
Answer Stats
Question Answer % Correct
In what region of the USA is NJ located? Northeast
100%
New Jersey’s capital is.. Trenton
100%
What was the first founded county in NJ? Essex
86%
What is the most populated town/city in NJ Newark
86%
The most densely populated County in NJ is.. Hudson
71%
What is the most unsafe county in NJ? Camden
57%
What is NJ’s most popular Fast Food Chain? Dunkin’
57%
Most popular boy name in NJ? Liam
43%
Most popular girl name in NJ? Mia
14%
No matching quizzes found
Score Distribution
Percent of People with Each Score
Percentile by Number Answered
Your Score History
You have not taken this quiz